000 00586nam a2200229Ia 4500
003 OSt
005 20230503114314.0
008 210423s2004 xx 000 0 und d
020 _a8120415493
040 _cAL
041 _aeng
082 _a660.60581 CHAH
100 _aCHAWLA (H S).
_996936
245 _aIntroduction to plant biotechnology.
250 _a2
260 _aNew Delhi
_bOxford University Press
_c2004
300 _aviii,367
_bPB
365 _b250
_cINR
650 _aBiotechnology
_996937
906 _abiotechnology. ; Introduction ; plant
942 _2ddc
_cBK
999 _c163077
_d163077